| 000 | 00454nam a2200097Ia 4500 | ||
|---|---|---|---|
| 008 | 180130s9999 xx 000 0 und d | ||
| 245 |
_cFidler, Deborah J.; Daunhauer, Lisa; Most, David E.; Switzky, Harvey _aGeneric disorders associated with intellectual disability: an early development perspective |
||
| 260 | _c2014 | ||
| 300 | _aBook title: Blackwell handbook of infant development--Acession number C19029; pages 962-988 | ||
| 650 | _aINFANTS--DEVELOPMENT | ||
| 999 |
_c354054 _d354054 |
||